000 00420nam a2200169Ia 4500
008 230917s9999||||xx |||||||||||||| ||und||
020 _cPOU15
040 _e568
_aMAIN
041 _aEnglish
082 _a616.8914 B62I
100 _aBloch, Sidney, ed.
245 0 _aIntroduction to the psychotherapies
250 _a2nd ed.
260 _aOxford
_bOxford University Press
_c1986
300 _ax, 285 p.
942 _cBK
999 _c53454
_d53454